header

Chomskyan (r)evolutions (Record no. 213480)

MARC details
000 -LEADER
fixed length control field 01201nam a2200313Ia 4500
082 04 - DEWEY DECIMAL CLASSIFICATION NUMBER
Classification number 415/.0182
245 00 - TITLE STATEMENT
Title Chomskyan (r)evolutions
260 ## - PUBLICATION, DISTRIBUTION, ETC. (IMPRINT)
Place of publication Amsterdam ;
-- Philadelphia :
Name of publisher John Benjamins Pub. Company,
Year of publication c2010.
300 ## - PHYSICAL DESCRIPTION
Number of Pages xii, 488 p.
650 #0 - SUBJECT ADDED ENTRY--TOPICAL TERM
Topical Term Generative grammar.
700 1# - ADDED ENTRY--PERSONAL NAME
Personal name Kibbee, Douglas A.
856 40 - ELECTRONIC LOCATION AND ACCESS
Uniform Resource Identifier http://site.ebrary.com/lib/rucke/Doc?id=10370354

No items available.

© 2026 Rongo University
Contact us: librarian | system librarian | Rongo university